000 00285nam a2200109Ia 4500
001 1265132
005 20260417142018.0
008 260417s9999 xx 000 0 und d
020 _a9789752890299
245 0 _aGelibolu - Uzun Beyaz Bulut
_cBuket Uzuner
260 _bEverest Yayınları
999 _c1265132
_d1265132